Flagi Autonomicznych Socjalistycznych Republik Jugosławi - Statystyki

Ogólne statystyki
  • Ten quiz został rozwiązany 74 razy
  • Średni wynik to 5 z 5
Statystyki odpowiedzi
Obrazkowy Odpowiedź % Poprawnych
Chorwacja
96%
Serbia/Kosowo/Czarnogóra/Wojwodina
95%
Bośnia i Hercegowina
91%
Słowenia
91%
Macedonia
87%
Nie znaleziono quizów pasujących do podanych kryteriów
Rozkład punktacji
Procent ludzi z każdym wynikiem
Percentyl według liczby udzielonych odpowiedzi
Twoja historia wyników
Nie rozwiązałeś tego quizu